01539nabaa22002057a 4500999001500000003000400015005001700019008004100036040000700077100002800084245012500112300001300237500003700250505075500287505008901042650003201131650003001163773012701193942001301320 c6317d6317OSt20260130194656.0190701b xxu||||| |||| 00| 0 spa d cPJ 96896aBonato, Mauro R. 13aLa ejecutoriedad del acto administrativo luego de la llamada Ley de Bases :b¿regla o excepción? /cMauro R. Bonato.  ap. 12-51 aCita: TR LALEY AR/DOC/2586/2025  aSumario: I. Introducción.— II. Ejecutoriedad. En búsqueda de un concepto. — III. Distinción con nociones similares.— IV. Fundamento.— V. Carácter esencial del acto o figura legal contingente.— VI. Manifestaciones de la ejecutoriedad del acto administrativo.— VII. Ejecutoriedad en derecho comparado.— VIII. Clases de ejecutoriedad. Ejecutoriedad propia e impropia.— IX. Ejecutoriedad en nuestro derecho positivo: regla y excepción.— X. Ejecutoriedad en los hechos: regla y excepción.— XI. Alcances y trámite.— XII. Medios para llevar adelante la ejecutoriedad del acto.— XIII. Ejecutoriedad y efectos de los recursos administrativos que se interpongan contra el acto administrativo.— XIV. A modo de colofón.  t¿Te interesa el texto completo? Comunicate al correo: koha@justierradelfuego.gov.ar 09211aDERECHO ADMINISTRATIVO 0aACTO ADMINISTRATIVO911710 0284293251dBuenos Aires : AbeledoPerrot, 2012-oDA121tDerecho administrativo. Nº 162 noviembre/diciembre 2025z18510590 2udccANA